000 00280nam a2200109Ia 4500
008 171211s9999 xx 000 0 und d
245 _aAudio in Media
245 _cStanley R. Alten
260 _c2010
650 _xmusic
856 _uhttp://down.ebook777.com/060/9780495572398.pdf
999 _c348682
_d348682